Effect of different organic fertilizers on radish at station of royal university of agriculture ការប្រើប្រាស់ជីប្រភេទផ្សេងៗគ្នាលើដំណាំឆៃថាវនៅស្ថានីយ៍ដំណៃនៃសាកលវិទ្យាល័យភូមិន្ថកសិកម្ម. (Record no. 1243)

000 -LEADER
fixed length control field 00712nam a22001337a 4500
040 ## - CATALOGING SOURCE
Transcribing agency RUA
082 ## - DEWEY DECIMAL CLASSIFICATION NUMBER
Classification number AGR NOU 2013 BO55 Or.1
100 ## - MAIN ENTRY--AUTHOR NAME
Personal name NOU, SOPHEAKTRA
245 ## - TITLE STATEMENT
Title Effect of different organic fertilizers on radish at station of royal university of agriculture ការប្រើប្រាស់ជីប្រភេទផ្សេងៗគ្នាលើដំណាំឆៃថាវនៅស្ថានីយ៍ដំណៃនៃសាកលវិទ្យាល័យភូមិន្ថកសិកម្ម.
260 ## - PUBLICATION, DISTRIBUTION, ETC. (IMPRINT)
Place of publication Phnom Phen
Name of publisher RUA
Year of publication 2013
300 ## - PHYSICAL DESCRIPTION
Number of Pages IV,46p.
Other physical details ill.
Dimensions 29cm.
856 ## - ELECTRONIC LOCATION AND ACCESS
Uniform Resource Identifier https://drive.google.com/file/d/1-qM1BOdOGxdpLUAHUisBFtAPwJNpoh1-/view?usp=sharing
942 ## - ADDED ENTRY ELEMENTS (KOHA)
Koha item type AGR
952 ## - LOCATION AND ITEM INFORMATION (KOHA)
Withdrawn status [LOCAL, KOHA] 0
952 ## - LOCATION AND ITEM INFORMATION (KOHA)
Withdrawn status [LOCAL, KOHA] 0
952 ## - LOCATION AND ITEM INFORMATION (KOHA)
Withdrawn status [LOCAL, KOHA] 0
952 ## - LOCATION AND ITEM INFORMATION (KOHA)
Withdrawn status [LOCAL, KOHA] 0
952 ## - LOCATION AND ITEM INFORMATION (KOHA)
Withdrawn status [LOCAL, KOHA] 0
952 ## - LOCATION AND ITEM INFORMATION (KOHA)
Withdrawn status [LOCAL, KOHA] 0
952 ## - LOCATION AND ITEM INFORMATION (KOHA)
Withdrawn status [LOCAL, KOHA] 0
952 ## - LOCATION AND ITEM INFORMATION (KOHA)
Withdrawn status [LOCAL, KOHA] 0
952 ## - LOCATION AND ITEM INFORMATION (KOHA)
Withdrawn status [LOCAL, KOHA] 0
952 ## - LOCATION AND ITEM INFORMATION (KOHA)
Withdrawn status [LOCAL, KOHA] 0
Holdings
Permanent Location Date acquired Koha item type Lost status Shelving location Barcode Current Location Full call number
Library Block B2015-09-25AGR B055RUA005388Library Block BAGR NOU 2013 BO55 Or.1
Library Block B2015-09-25AGR B055RUA005749Library Block BAGR NOU 2013 BO55 Or.2
Library Block B2015-09-25AGR B055RUA004561Library Block BAGR NOU 2013 BO55 Or.3
Library Block B2015-09-25AGR B055RUA004994Library Block BAGR NOU 2013 BO55 Or.4
Library Block B2015-09-25AGR B055RUA005894Library Block BAGR NOU 2013 BO55 Or.5
Library Block B2015-09-25AGR B055RUA005966Library Block BAGR NOU 2013 BO55 Or.6
Library Block B2015-09-25AGR B055RUA005387Library Block BAGR NOU 2013 BO55 Or.7
Library Block B2015-09-25AGR B055RUA005396Library Block BAGR NOU 2013 BO55 Or.8
Library Block B2019-01-21AGR B1.210A41166Library Block BAGR NOU 2013 B1.210 Or.1
Library Block B2019-01-21AGR B1.210A41261Library Block BAGR NOU 2013 B1.210 Or.2
មជ្ឈមណ្ឌលឯការនៃសាកលវិទ្យាល័យភូមិន្ទកសិកម្មចំការដូង

Powered by Koha